Prayer; conversing with God. (Record no. 5239)

MARC details
000 -LEADER
fixed length control field 00587cam a2200217u 4500
001 - CONTROL NUMBER
control field 7949846
003 - CONTROL NUMBER IDENTIFIER
control field GBCCL
005 - DATE AND TIME OF LATEST TRANSACTION
control field 20241126110536.0
008 - FIXED-LENGTH DATA ELEMENTS--GENERAL INFORMATION
fixed length control field 830202s1959 miua 000 0 eng
010 ## -
-- 59004291
040 ## - CATALOGING SOURCE
Original cataloging agency DLC
Transcribing agency CarP
Modifying agency DLC
050 00 -
-- BV210.2
-- .R5
082 ## - DEWEY DECIMAL CLASSIFICATION NUMBER
Classification number 248.32
Item number RIN
100 1# - MAIN ENTRY--PERSONAL NAME
Personal name Rinker, Rosalind.
9 (RLIN) 5019
245 10 - TITLE STATEMENT
Title Prayer; conversing with God.
260 ## - PUBLICATION, DISTRIBUTION, ETC.
Place of publication, distribution, etc. Grand Rapids,
Name of publisher, distributor, etc. Zondervan Pub. House
Date of publication, distribution, etc. [1959]
300 ## - PHYSICAL DESCRIPTION
Extent 116 p.
Other physical details illus.
Dimensions 20 cm.
650 #0 - SUBJECT ADDED ENTRY--TOPICAL TERM
Topical term or geographic name entry element Prayer.
9 (RLIN) 332
906 ## - LOCAL DATA ELEMENT F, LDF (RLIN)
a 0
b cbc
c premunv
d u
e ncip
f 19
g y-gencatlg
942 ## - ADDED ENTRY ELEMENTS (KOHA)
Source of classification or shelving scheme Dewey Decimal Classification
Koha item type Books
Koha issues (borrowed), all copies 3
Holdings
Withdrawn status Lost status Source of classification or shelving scheme Damaged status Not for loan Home library Current Library Shelving location Date acquired Total checkouts Full call number Barcode Date last seen Date last checked out Copy number Price effective from Koha item type
    Dewey Decimal Classification     GRACE BIBLE COLLEGE GRACE BIBLE COLLEGE Ministry & Mission 2018-03-07 3 248.32 RIN 003966 2025-05-01 2023-01-27 c.1 2018-03-07 Books
© Grace Bible College Library 2025